[Event "Wch Seniors 65 31st"]
[Site "Terassini"]
[Date "2023.10.27"]
[Round "3"]
[White "Birnboim, Nathan"]
[Black "Wengholm, Anders"]
[Result "1/2-1/2"]
[WhiteElo "2342"]
[BlackElo "2142"]
[PlyCount "61"]
[EventDate "2023.10.25"]
[EventType "swiss"]
[EventRounds "11"]
[EventCountry "ITA"]
[SourceTitle "Mega2024 Update 01"]
[Source "Chessbase"]
[SourceDate "2023.11.12"]
[SourceVersion "1"]
[SourceVersionDate "2023.11.12"]
[SourceQuality "1"]

1. e4 d6 2. Bc4 Nf6 3. Nc3 e5 4. d3 Be7 5. f4 exf4 6. Bxf4 0-0 7. Qf3 Nc6 8. Nge2 Ne5 9. Bxe5 dxe5 10. Nd5 Nxd5 11. Bxd5 c6 12. Bb3 Qa5+ 13. c3 Be6 14. Bxe6 fxe6 15. Qg4 Rf6 16. Ng3 Raf8 17. Rf1 Bc5 18. Rxf6 Rxf6 19. Nh5 Bf2+ 20. Ke2 Rf7 21. Kd2 Qd8 22. Rf1 Qe7 23. Kc2 a5 24. Ng3 Bxg3 25. Rxf7 Qxf7 26. Qxg3 Qf6 27. Qe3 h6 28. Qc5 a4 29. c4 Kh7 30. g3 Qf3 31. Qxe5 1/2-1/2

[Event "EU-chT Seniors 65"]
[Site "Swidnica"]
[Date "2023.07.15"]
[Round "4.4"]
[White "Birnboim, Nathan"]
[Black "Orton, Stephen LA"]
[Result "1-0"]
[WhiteElo "2357"]
[BlackElo "2133"]
[PlyCount "51"]
[EventDate "2023.07.12"]
[EventType "team-swiss"]
[EventRounds "9"]
[EventCountry "POL"]
[SourceTitle "CBM 215 Extra"]
[Source "ChessBase"]
[SourceDate "2023.09.30"]
[SourceVersion "1"]
[SourceVersionDate "2023.09.30"]
[SourceQuality "1"]
[WhiteTeam "Israel 65"]
[BlackTeam "England 65 II"]
[WhiteTeamCountry "ISR"]
[BlackTeamCountry "ENG"]

1. g3 Nf6 2. Bg2 g6 3. b4 c6 4. c4 Bg7 5. Bb2 Qb6 6. Qb3 Na6 7. a3 d6 8. Nf3 Nc5 9. Qc2 Nce4 10. 0-0 h6 11. Nc3 Ng5 12. Na4 Qc7 13. Nh4 Nh3+ 14. Kh1 Be6 15. Rac1 Qd7 16. f4 Bg4 17. e4 Be2 18. Rfe1 Bg4 19. e5 dxe5 20. Nc5 Qc8 21. fxe5 Nh5 22. e6 Qc7 23. exf7+ Kd8 24. Bxg7 Nf2+ 25. Kg1 Nxg3 26. Bxh8 1-0

[Event "Wch Seniors 65 30th"]
[Site "Assisi"]
[Date "2022.11.19"]
[Round "5"]
[White "Petran, Peter"]
[Black "Birnboim, Nathan"]
[Result "1/2-1/2"]
[WhiteElo "2213"]
[BlackElo "2361"]
[PlyCount "91"]
[EventDate "2022.11.15"]
[EventType "swiss"]
[EventRounds "11"]
[EventCountry "ITA"]
[SourceTitle "CBM 211 Extra"]
[Source "ChessBase"]
[SourceDate "2023.01.31"]
[SourceVersion "1"]
[SourceVersionDate "2023.01.31"]
[SourceQuality "1"]

1. g3 d5 2. Bg2 Nf6 3. d3 Nc6 4. Nf3 g6 5. 0-0 Bg7 6. Nbd2 0-0 7. e4 e5 8. c3 h6 9. Qc2 Re8 10. b4 a6 11. a3 dxe4 12. dxe4 Be6 13. Bb2 Qc8 14. Rfe1 Nd7 15. c4 a5 16. Bc3 g5 17. Rac1 axb4 18. axb4 Nd4 19. Bxd4 exd4 20. Nb3 Ra4 21. Nfxd4 Rxb4 22. Nxe6 Rxe6 23. Bh3 Ne5 24. Bxe6 Qxe6 25. Nd2 Qh3 26. Qd1 g4 27. Re3 h5 28. Qf1 Qxf1+ 29. Kxf1 Bh6 30. Re2 Nf3 31. Nxf3 gxf3 32. Rec2 Bxc1 33. Rxc1 c5 34. e5 Rb2 35. h4 Kf8 36. Kg1 Re2 37. Rc3 Rxe5 38. Rxf3 Re4 39. Rb3 Rxc4 40. Rxb7 Kg7 41. Kg2 Kg6 42. Kf3 Rc2 43. Ke3 f6 44. f3 c4 45. Rc7 Rc1 46. Ke4 1/2-1/2

[Event "Wch Seniors 65 30th"]
[Site "Assisi"]
[Date "2022.11.18"]
[Round "4"]
[White "Birnboim, Nathan"]
[Black "Maryasin, Boris Feliksovich"]
[Result "1/2-1/2"]
[WhiteElo "2361"]
[BlackElo "2258"]
[PlyCount "60"]
[EventDate "2022.11.15"]
[EventType "swiss"]
[EventRounds "11"]
[EventCountry "ITA"]
[SourceTitle "CBM 211 Extra"]
[Source "ChessBase"]
[SourceDate "2023.01.31"]
[SourceVersion "1"]
[SourceVersionDate "2023.01.31"]
[SourceQuality "1"]

1. d4 Nf6 2. Nf3 d5 3. Bf4 c5 4. e3 Nc6 5. c3 Qb6 6. Qb3 c4 7. Qxb6 axb6 8. Na3 Ra5 9. Bc7 e6 10. Nc2 Kd7 11. Bf4 Ne4 12. Nd2 g5 13. Bg3 f5 14. Nxe4 fxe4 15. f3 exf3 16. gxf3 Bd6 17. Rg1 h6 18. Be2 b5 19. a3 Ra8 20. 0-0-0 Bxg3 21. hxg3 Kd6 22. e4 Bd7 23. Ne3 Raf8 24. Ng4 Kc7 25. Rh1 h5 26. Ne3 Ne7 27. e5 Be8 28. Kd2 Bg6 29. Rdf1 Rh7 30. f4 g4 1/2-1/2

[Event "ISR-chT"]
[Site "Israel"]
[Date "2022.02.11"]
[Round "5.6"]
[White "Aharon, Ofir"]
[Black "Birnboim, Nathan"]
[Result "0-1"]
[WhiteElo "2231"]
[BlackElo "2387"]
[PlyCount "116"]
[EventDate "2022.01.14"]
[EventType "team-tourn"]
[EventRounds "11"]
[EventCountry "ISR"]
[SourceTitle "EXT 2023"]
[Source "ChessBase"]
[SourceDate "2022.10.05"]
[SourceVersion "1"]
[SourceVersionDate "2022.10.05"]
[SourceQuality "1"]
[WhiteTeam "Kfar Saba II"]
[BlackTeam "Ashdod"]
[WhiteTeamCountry "ISR"]
[BlackTeamCountry "ISR"]

1. e4 e6 2. d4 d5 3. Nd2 c5 4. exd5 exd5 5. Ngf3 Nc6 6. Bb5 Bd6 7. 0-0 Nge7 8. dxc5 Bxc5 9. Nb3 Bb6 10. Re1 0-0 11. h3 d4 12. Bg5 f6 13. Bf4 Kh8 14. Qd2 Qd5 15. Bd3 Bf5 16. Rad1 Rad8 17. Qe2 Ng6 18. Bg3 Bxd3 19. cxd3 Nb4 20. Rc1 Qf5 21. Rc4 Nxd3 22. Nbxd4 Bxd4 23. Nxd4 Rxd4 24. Rxd4 Nxe1 25. Qxe1 h5 26. Qe4 Qxe4 27. Rxe4 Rc8 28. Rb4 Rc1+ 29. Kh2 b6 30. Rb5 Rc5 31. Rxc5 bxc5 32. b3 Nf8 33. Bd6 Nd7 34. Kg3 Kg8 35. f4 f5 36. Kh4 g6 37. g4 hxg4 38. hxg4 Kf7 39. gxf5 gxf5 40. Kg5 Ke6 41. Bc7 Nf6 42. Kg6 Nd5 43. Be5 Nb4 44. a3 Nd3 45. Bb8 a6 46. Ba7 Nxf4+ 47. Kg5 Nd3 48. Kh4 Kd5 49. Kg3 Ke4 50. Kg2 Kd5 51. Kf3 Ne5+ 52. Kf4 Nc6 53. Bb6 Nd4 54. b4 c4 55. a4 c3 56. Ke3 f4+ 57. Kd3 c2 58. Kd2 f3 0-1

[Event "EU-ch Seniors 65"]
[Site "Budoni"]
[Date "2021.09.28"]
[Round "3"]
[White "Birnboim, Nathan"]
[Black "Gruzmann, Boris"]
[Result "1-0"]
[WhiteElo "2375"]
[BlackElo "2163"]
[PlyCount "103"]
[EventDate "2021.09.26"]
[EventType "swiss"]
[EventRounds "9"]
[EventCountry "ITA"]
[SourceTitle "EXT 2023"]
[Source "ChessBase"]
[SourceDate "2022.10.05"]
[SourceVersion "1"]
[SourceVersionDate "2022.10.05"]
[SourceQuality "1"]

1. d4 Nf6 2. c4 d6 3. Nc3 g6 4. Nf3 Bg7 5. g3 0-0 6. Bg2 Nc6 7. 0-0 a6 8. Bf4 Nh5 9. Bg5 h6 10. Bd2 Nxd4 11. Nxd4 Bxd4 12. Bxh6 Bg7 13. Qd2 Rb8 14. Bxg7 Nxg7 15. Rad1 Be6 16. b3 b5 17. cxb5 axb5 18. Ne4 Bf5 19. Rc1 Bxe4 20. Bxe4 c5 21. Rfd1 Qc8 22. h4 Qe6 23. Bf3 Qf6 24. Kg2 Ne6 25. h5 Kg7 26. Rh1 Rh8 27. b4 g5 28. Bd5 Qd4 29. Qxd4+ cxd4 30. Kf3 Rbc8 31. Kg4 Kf6 32. Bc6 Rb8 33. Bd5 Rbc8 34. Bb7 Rc3 35. Rxc3 dxc3 36. Rc1 Rb8 37. Be4 Rc8 38. Bd3 Ke5 39. h6 Kf6 40. e3 Ra8 41. h7 Kg7 42. Rxc3 Nf8 43. a3 Nxh7 44. Bxb5 Nf6+ 45. Kf3 g4+ 46. Ke2 Ne4 47. Rb3 d5 48. Bc6 Rc8 49. b5 e6 50. b6 Nc5 51. b7 Rb8 52. Rb6 1-0

[Event "EUR-chT Seniors 65"]
[Site "Prague"]
[Date "2021.09.05"]
[Round "7.2"]
[White "Birnboim, Nathan"]
[Black "Sharif, Mershad"]
[Result "1/2-1/2"]
[WhiteElo "2375"]
[BlackElo "2335"]
[PlyCount "50"]
[EventDate "2021.08.30"]
[EventType "team-swiss"]
[EventRounds "9"]
[EventCountry "CZE"]
[SourceTitle "CBM 204 Extra"]
[Source "ChessBase"]
[SourceDate "2021.11.30"]
[SourceVersion "1"]
[SourceVersionDate "2021.11.30"]
[SourceQuality "1"]
[WhiteTeam "Israel 65"]
[BlackTeam "France 65"]
[WhiteTeamCountry "ISR"]
[BlackTeamCountry "FRA"]

1. e4 e6 2. d4 d5 3. Nc3 Nf6 4. e5 Nfd7 5. f4 c5 6. Nf3 Be7 7. Be3 a6 8. Qd2 0-0 9. Bd3 b6 10. 0-0 Nc6 11. Nd1 f5 12. exf6 Nxf6 13. Nf2 Bd7 14. c3 Na5 15. Qe2 Bd6 16. Rae1 cxd4 17. Bxd4 Bxf4 18. Bxa6 Nc6 19. Bb5 Nxd4 20. cxd4 Rxa2 21. Bxd7 Qxd7 22. Qxe6+ Qxe6 23. Rxe6 Ne4 24. Nxe4 dxe4 25. Rxe4 Rxb2 1/2-1/2

[Event "EUR-chT Seniors 65"]
[Site "Prague"]
[Date "2021.09.01"]
[Round "3.2"]
[White "Birnboim, Nathan"]
[Black "Hort, Vlastimil"]
[Result "1/2-1/2"]
[WhiteElo "2375"]
[BlackElo "2385"]
[PlyCount "22"]
[EventDate "2021.08.30"]
[EventType "team-swiss"]
[EventRounds "9"]
[EventCountry "CZE"]
[SourceTitle "CBM 204 Extra"]
[Source "ChessBase"]
[SourceDate "2021.11.30"]
[SourceVersion "1"]
[SourceVersionDate "2021.11.30"]
[SourceQuality "1"]
[WhiteTeam "Israel 65"]
[BlackTeam "Germany 65"]
[WhiteTeamCountry "ISR"]
[BlackTeamCountry "GER"]

1. d4 Nf6 2. c4 g6 3. g3 c6 4. Bg2 d5 5. cxd5 cxd5 6. Nf3 Bg7 7. 0-0 Ne4 8. Ne5 Nd7 9. Nd2 Nxe5 10. dxe5 Nxd2 11. Qxd2 Bxe5 1/2-1/2

[Event "Senta op 25th"]
[Site "Senta"]
[Date "2021.07.19"]
[Round "4"]
[White "Birnboim, Nathan"]
[Black "Atalik, Suat"]
[Result "0-1"]
[WhiteElo "2380"]
[BlackElo "2483"]
[PlyCount "108"]
[EventDate "2021.07.17"]
[EventType "swiss"]
[EventRounds "9"]
[EventCountry "SRB"]
[SourceTitle "EXT 2022"]
[Source "ChessBase"]
[SourceDate "2021.10.06"]
[SourceVersion "1"]
[SourceVersionDate "2021.10.06"]
[SourceQuality "1"]

1. d4 d5 2. Nf3 Nf6 3. Bf4 Bf5 4. e3 e6 5. Bd3 c6 6. Bxf5 exf5 7. Qd3 g6 8. Qb3 Qb6 9. Nbd2 Nbd7 10. Ne5 Nh5 11. Nxd7 Kxd7 12. Bg3 Bh6 13. 0-0 Qxb3 14. Nxb3 b6 15. Nc1 Rhe8 16. Nd3 f6 17. Rfe1 Re4 18. c3 Rae8 19. Kf1 g5 20. a4 a5 21. Red1 Bf8 22. b4 axb4 23. Nxb4 Ra8 24. Rdb1 Nxg3+ 25. hxg3 h5 26. Ke2 h4 27. f3 Re6 28. Nc2 hxg3 29. Rxb6 Bd6 30. Rb7+ Bc7 31. Rbb1 f4 32. Kd3 fxe3 33. Nxe3 Rae8 34. Re1 f5 35. Nc2 Rxe1 36. Rxe1 Ra8 37. Ra1 f4 38. Kd2 Ba5 39. Rh1 Bd8 40. Ra1 Kd6 41. Nb4 c5 42. dxc5+ Kxc5 43. Kc2 d4 44. Nd3+ Kd5 45. Rd1 Bf6 46. Kb3 Rb8+ 47. Nb4+ Ke6 48. a5 dxc3 49. Kc4 Rc8+ 50. Kb5 g4 51. fxg4 f3 52. gxf3 c2 53. Re1+ Kf7 54. Nd3 Bd4 0-1